000 00293nam a22001217a 4500
008 160422b xxu||||| |||| 00| 0 eng d
020 _a9781582553429
020 _a1582553424
041 _aeng
080 _a618.2
245 _aManuar of nursing practice;
_cElizabeth Editors;
942 _2udc
_cBK
999 _c1522
_d1522